Score 0/30 Timer 04:00
0 Plays Today
Movie 'F' Word % Correct
Pulp ___Fiction
97.6%
___ AttractionFatal
95.8%
___ Russia with LoveFrom
91.7%
All Quiet on the Western ___Front
90.1%
___ on the RoofFiddler
88.7%
The ___ MontyFull
88.6%
Who ___ Roger RabbitFramed
88.3%
Back to the ___Future
87.8%
___ ClubFight
85.8%
A ___ Called WandaFish
84.3%
My Left ___Foot
79.3%
___ Sarah MarshallForgetting
76.3%
___ Easy PiecesFive
75.5%
The Man Who ___ to EarthFell
74.9%
Cape ___Fear
73.4%
Movie 'F' Word % Correct
The ___ ConnectionFrench
72.7%
Pink ___ The WallFloyd
69.8%
___/NixonFrost
66.4%
A ___ of DollarsFistful
63.1%
A ___ in the CrowdFace
62%
La ___ NikitaFemme
59.6%
___ BloodFirst
58.7%
His Girl ___Friday
54.9%
The ___ Baker BoysFabulous
45.5%
Lilies of the ___Field
44.6%
High ___Fidelity
38.5%
Twin Peaks: ___ Walk with MeFire
28.3%
Cry ___Freedom
21.6%
Babette's ___Feast
16.1%
The ___ KidFlamingo
6.4%

Today's Daily Dose

Remove Ads.
Support Sporcle.
Get the best of Sporcle when you Go Orange. This ad-free experience offers more features, more stats, and more fun while also helping to support Sporcle. Thank you for becoming a member.

You're not logged in!

Compare scores with friends on all Sporcle quizzes.
OR
Log In

Show Comments

Extras

Top Quizzes Today


Score Distribution

Your Account Isn't Verified!

In order to create a playlist on Sporcle, you need to verify the email address you used during registration. Go to your Sporcle Settings to finish the process.

Report this User

Report this user for behavior that violates our Community Guidelines.

Details: